01614nam a22002897a 4500001000400000003000400004005001700008008004100025040000800066041001300074082001400087100003500101240002300136245008700159260003000246300001100276490004000287520080700327650002101134650001501155650001801170650001301188655001201201655001601213700004601229830004901275324OSt20250528074018.0250327b |||||||e |||| 00| f eng d bpor hgreapor a889bK23c1 aKazantzakis, Nikos,d1883-1957 aChrist Recruficied aO Cristo recrucificado /cKazantzakis, Nikos ; Tradução de Guilhermina Sette aSão Paulo bAbrilc1971 a519 p.1 aOs Imortais da Literatura Universal aExistia um antigo costume na aldeia grega de Licóvrissi: a cada sete anos, por ocasião da Páscoa, se dramatizava a Paixão e Morte do Cristo. Os protagonistas desta dramatização eram escolhidos entre os próprios habitantes da aldeia e o critério usado para essa seleção era, não só a maior semelhança física, como também o comportamento moral do escolhido. Por essa mesma ocasião, chega na aldeia um grupo de esfaimados e esfarrapados que fugiam dos turcos que haviam invadido e saqueado a cidadezinha onde moravam. Pedem proteção à população, mas somente a personagem "Cristo" sai em defesa dos refugiados - e de repente o drama da Paixão de Cristo torna-se realidade. Este é o volume 23 da coleção Imortais da Literatura Universal da Editora Abril.  0aLiteratura grega 0aReligião 0aEncenação 0aAventura 0aRomance 0aFicção 1 aSette, Guilhermina.d1908-1980.eTRADUTOR aOs Imortais da Literatura Universalvvol. 28